000 00966nam a2200217Ia 4500
999 _c39677
_d39677
001 6280
003 GE_BSU
005 20190627155747.0
008 181216s1969||||ge |||||||||||||| ||geo||
041 _ageo
080 _a62-83 ი-50
100 _aიმნაძე, გ.
_93000
245 _aელექტროამძრავის ზოგადი კურსი : დამხმ. სახელმძღვ. /
_cგ. იმნაძე ; რედ : გ.ნიქაბაძე.
250 _aმეორე შევსებ. და გადამუშ. გამოც.
264 _aთბილისი :
_bგანათლება,
_c1969.
300 _a312 გვ .:
_bნახაზ.
_c22 სმ.
653 _aელექტროამძრავის ზოგადი კურსი
653 _aტექნიკა
700 _aნიქაბაძე, გ
_eრედაქტორი
_91188
942 _cBK
_2udc